A Tízpróba Magyarország Kft. kereskedelmi kommunikációs stratégiájának elemzése, értékelése, adaptálása a gazdasági környezet változásához 2015-re

Bibliográfiai részletek
Szerző: Poller Bence
További közreműködők: Papp Judit
Dokumentumtípus: Diplomadolgozat
Kulcsszavak:Decathlon
Tízpróba Magyarország Kft.
Kommunikációs stratégia
Stratégiai tervezés
Online Access:http://dolgozattar.uni-bge.hu/1787

MARC

LEADER 00000nta a2200000 i 4500
001 dolg1787
005 20150422161432.0
008 150331suuuu hu om 000 hun d
040 |a BGE Dolgozattár Repozitórium  |b hun 
041 |a hu 
100 1 |a Poller Bence 
245 1 2 |a A Tízpróba Magyarország Kft. kereskedelmi kommunikációs stratégiájának elemzése, értékelése, adaptálása a gazdasági környezet változásához 2015-re  |c Poller Bence  |h [elektronikus dokumentum] 
695 |a Decathlon 
695 |a Tízpróba Magyarország Kft. 
695 |a Kommunikációs stratégia 
695 |a Stratégiai tervezés 
700 1 |a Papp Judit  |e ths 
856 4 0 |u http://dolgozattar.uni-bge.hu/1787/1/SZAKDOLG.pdf  |z Dokumentum-elérés